000 nam a22 7a 4500
999 _c7195
_d7195
008 170728b xxu||||| |||| 00| 0 eng d
100 _93771
_aWelch T. Edward
245 _aLiving with an angry spouse
260 _aAmerica
_bNew Delhi
_c2008